[Event "World Blitz 2015"]
[Site "Berlin GER"]
[Date "2015.10.14"]
[Round "18.14"]
[White "Onischuk, Vladimir"]
[Black "Wojtaszek, Radoslaw"]
[Result "1-0"]
[WhiteTitle "GM"]
[BlackTitle "GM"]
[WhiteElo "2612"]
[BlackElo "2734"]
[WhiteFideId "14114038"]
[BlackFideId "1118358"]
[EventDate "2015.10.13"]

1. e4 c5 2. Nf3 d6 3. d4 cxd4 4. Nxd4 Nf6 5. Nc3 a6 6. a4 e5 7. Nf3 h6 8. Bc4
Be6 9. Qe2 Nc6 10. O-O Be7 11. Rd1 O-O 12. Be3 Rc8 13. Ba2 Bxa2 14. Rxa2 Qa5 15.
Ra3 Rfe8 16. Rb3 Qc7 17. Nh4 Bf8 18. Nf5 Qd7 19. Bb6 Qe6 20. Ne3 Ne7 21. f3 h5
22. Ba7 Nc6 23. Bb6 Ne7 24. Qf2 g6 25. Ba7 Nc6 26. Ned5 Na5 27. Rb4 Nd7 28. Bb6
Nc6 29. Rb3 Bg7 30. Nc7 Rxc7 31. Bxc7 Nd4 32. Ra3 Rc8 33. Nd5 Nf6 34. Nxf6+ Bxf6
35. Rc3 Be7 36. Bb6 Nc6 37. b3 Rf8 38. Qd2 Kh7 39. Be3 f5 40. Qd5 Qd7 41. Rc4 f4
42. Bc5 Rf6 43. b4 Qe8 44. Bf2 g5 45. b5 axb5 46. axb5 Nd8 47. Rc7 Nf7 48. Qxb7
Re6 49. Qc6 Qf8 50. b6 1-0

[Event "World Blitz 2015"]
[Site "Berlin GER"]
[Date "2015.10.14"]
[Round "18.15"]
[White "Kasimdzhanov, Rustam"]
[Black "Alekseev, Evgeny"]
[Result "1-0"]
[WhiteTitle "GM"]
[BlackTitle "GM"]
[WhiteElo "2704"]
[BlackElo "2642"]
[WhiteFideId "14200244"]
[BlackFideId "4138147"]
[EventDate "2015.10.13"]

1. e4 e5 2. Nf3 Nc6 3. Bb5 Nf6 4. O-O Nxe4 5. Re1 Nd6 6. Nxe5 Be7 7. Bd3 Nxe5 8.
Rxe5 O-O 9. Nc3 Bf6 10. Re3 h6 11. Qg4 b6 12. Nd5 Bb7 13. Nxf6+ Qxf6 14. Qxd7 c5
15. Qg4 Rfe8 16. Rb1 c4 17. Bf1 Nf5 18. Rxe8+ Rxe8 19. b3 c3 20. dxc3 Re1 21.
Bg5 Rxf1+ 22. Rxf1 hxg5 23. Rd1 Nh4 24. f3 g6 25. Qd4 Qf5 26. Re1 Qc8 27. Qe5
Nf5 28. Qe8+ Kg7 29. Qxc8 Bxc8 30. Re8 Be6 31. Ra8 a5 32. Ra6 Ne3 33. Rxb6 Nxc2
34. a4 Kf8 35. b4 axb4 36. cxb4 Ke7 37. a5 Kd7 38. a6 Kc7 39. Rb7+ Kc8 40. b5
Nd4 41. b6 Nb5 42. Re7 Kd8 43. a7 1-0

[Event "World Blitz 2015"]
[Site "Berlin GER"]
[Date "2015.10.14"]
[Round "18.18"]
[White "Navara, David"]
[Black "Kravtsiv, Martyn"]
[Result "1-0"]
[WhiteTitle "GM"]
[BlackTitle "GM"]
[WhiteElo "2734"]
[BlackElo "2621"]
[WhiteFideId "309095"]
[BlackFideId "14113147"]
[EventDate "2015.10.13"]

1. d4 d5 2. c4 e6 3. Nc3 Be7 4. cxd5 exd5 5. Bf4 Nf6 6. e3 O-O 7. Bd3 c5 8. dxc5
Bxc5 9. Nge2 Nc6 10. O-O h6 11. Rc1 a6 12. Bg3 Bg4 13. h3 Be6 14. Nf4 Bd6 15.
Bb1 Be5 16. Qd3 Qd6 17. Nh5 Rfd8 18. Nxf6+ gxf6 19. Qh7+ Kf8 20. Qxh6+ Ke7 21.
Bxe5 Nxe5 22. Qf4 Rg8 23. Bf5 Rg5 24. Bxe6 fxe6 25. Rfd1 Rag8 26. g3 Rf5 27.
Nxd5+ Kf7 28. Rc7+ Qxc7 29. Nxc7 Rxf4 30. exf4 Nc6 31. Rd7+ Ne7 32. f5 exf5 33.
Nd5 Ke6 34. Rxe7+ Kxd5 35. Rxb7 f4 36. Kg2 fxg3 37. fxg3 f5 38. Kf3 Ke5 39. Re7+ 1-0

[Event "World Blitz 2015"]
[Site "Berlin GER"]
[Date "2015.10.14"]
[Round "18.19"]
[White "Fedoseev, Vladimir3"]
[Black "Eljanov, Pavel"]
[Result "1-0"]
[WhiteTitle "GM"]
[BlackTitle "GM"]
[WhiteElo "2659"]
[BlackElo "2717"]
[WhiteFideId "24130737"]
[BlackFideId "14102951"]
[EventDate "2015.10.13"]

1. e4 c6 2. d3 d5 3. Nd2 Qc7 4. Ngf3 Bg4 5. h3 Bh5 6. g3 e6 7. Bg2 Nf6 8. O-O
Be7 9. b3 O-O 10. Bb2 a5 11. a3 Nbd7 12. Qe1 b5 13. Nd4 Bc5 14. N2f3 dxe4 15.
dxe4 e5 16. Nf5 Rfe8 17. g4 Bg6 18. Qe2 Bxf5 19. exf5 e4 20. Nd4 Qf4 21. Qe3
Qxe3 22. fxe3 Nd5 23. Rfe1 b4 24. axb4 Bxb4 25. Re2 Bc3 26. Bxc3 Nxc3 27. Rd2
Ne5 28. Ne2 Nxe2+ 29. Rxe2 Nf3+ 30. Kf2 Re5 31. Bxf3 exf3 32. Rd2 g5 33. Kxf3
Kg7 34. Ra4 Rc5 35. b4 Rb5 36. c3 Re5 37. e4 h6 38. Rda2 Rd8 39. bxa5 Rd3+ 40.
Kg2 Rxc3 41. a6 Re8 42. a7 Ra8 43. Rb2 1-0

[Event "World Blitz 2015"]
[Site "Berlin GER"]
[Date "2015.10.14"]
[Round "18.21"]
[White "Dreev, Aleksey"]
[Black "Swiercz, Dariusz"]
[Result "1/2-1/2"]
[WhiteTitle "GM"]
[BlackTitle "GM"]
[WhiteElo "2644"]
[BlackElo "2620"]
[WhiteFideId "4100107"]
[BlackFideId "1126881"]
[EventDate "2015.10.13"]

1. d4 d5 2. c4 c6 3. Nf3 Nf6 4. e3 g6 5. Nc3 Bg7 6. Bd3 O-O 7. O-O a6 8. Bd2
dxc4 9. Bxc4 b5 10. Be2 Nbd7 11. b4 a5 12. a3 axb4 13. axb4 Rxa1 14. Qxa1 Nb6
15. Ne5 Qd6 16. Rc1 Bd7 17. Qa7 Qb8 18. Qxb8 Rxb8 19. Nxd7 Nfxd7 20. Ne4 Rc8 21.
Be1 f5 22. Nc5 Nxc5 23. Rxc5 e6 24. g4 Bf8 25. Rc2 Kf7 26. Kg2 Ke7 27. Bd2 Kd7
28. Ra2 Nd5 29. Bf3 Nxb4 30. Ra7+ Rc7 31. Ra8 Rc8 32. Ra7+ Rc7 33. Ra8 Rc8 34.
Rxc8 Kxc8 35. gxf5 gxf5 36. Bxb4 Bxb4 37. Bxc6 Kc7 38. Bxb5 Kd6 39. Bd3 Ke7 40.
Kg3 Kf6 41. Kf3 Bd6 42. h3 e5 43. dxe5+ Bxe5 44. Bc4 h6 45. Bd3 Bd6 46. Kg2 Bc7
47. Bc4 Bd6 48. f4 Bc7 49. Kf3 Bd6 50. Kg3 Bc5 51. Kf3 Bb6 52. Bb5 Bc5 53. Bd7
Bb6 54. Bc6 Bc5 1/2-1/2

[Event "World Blitz 2015"]
[Site "Berlin GER"]
[Date "2015.10.14"]
[Round "18.23"]
[White "Vitiugov, Nikita"]
[Black "Edouard, Romain"]
[Result "1-0"]
[WhiteTitle "GM"]
[BlackTitle "GM"]
[WhiteElo "2725"]
[BlackElo "2636"]
[WhiteFideId "4152956"]
[BlackFideId "633429"]
[EventDate "2015.10.13"]

1. d4 e6 2. Nf3 b6 3. e4 Bb7 4. Bd3 c5 5. c3 Nf6 6. Qe2 Be7 7. O-O d5 8. e5 Nfd7
9. Nbd2 Qc8 10. Re1 cxd4 11. cxd4 Ba6 12. Nf1 Bxd3 13. Qxd3 Qa6 14. Qd1 Nc6 15.
a3 Na5 16. Bd2 Rc8 17. Bc3 Nc4 18. N3d2 Nxd2 19. Qxd2 O-O 20. Qf4 Qd3 21. Re3
Qf5 22. Qxf5 exf5 23. Rd3 Bg5 24. g3 f4 25. Bd2 Rc2 26. gxf4 Bh4 27. Rb1 Rd8 28.
Ne3 Rc6 29. Nf5 1-0

[Event "World Blitz 2015"]
[Site "Berlin GER"]
[Date "2015.10.14"]
[Round "18.25"]
[White "Bruzon Batista, Lazaro"]
[Black "Ivanisevic, Ivan"]
[Result "1/2-1/2"]
[WhiteTitle "GM"]
[BlackTitle "GM"]
[WhiteElo "2659"]
[BlackElo "2653"]
[WhiteFideId "3503739"]
[BlackFideId "912417"]
[EventDate "2015.10.13"]

1. e4 c5 2. Nf3 e6 3. d3 Nc6 4. g3 g6 5. d4 cxd4 6. Nxd4 Bg7 7. Nxc6 bxc6 8. Bg2
Ba6 9. Nc3 Rb8 10. Bf1 Bxf1 11. Kxf1 d5 12. Kg2 Nf6 13. Qe2 O-O 14. Rb1 Nd7 15.
Bf4 Rb7 16. Bd6 Re8 17. Rhd1 Nb6 18. Bc5 Qb8 19. Qa6 Nc4 20. Na4 Rc8 21. b3 Nb6
22. Be3 Nxa4 23. bxa4 Rcc7 24. Rb3 Rxb3 25. axb3 Qb4 26. Qd3 h5 27. Bf4 Rd7 28.
e5 c5 29. h4 Rc7 30. Qb5 Qxb5 31. axb5 c4 32. bxc4 Rxc4 33. Ra1 Rc7 34. Ra6 Rb7
35. Kf1 Bf8 36. Be3 Rxb5 37. Rxa7 Rb8 38. Bg5 Rc8 39. Bf6 Bg7 40. Ke1 Bxf6 41.
exf6 Rxc2 42. Ra8+ Kh7 43. Ra7 Kg8 44. Ra8+ Kh7 45. Ra7 Kg8 46. Ra8+ 1/2-1/2

[Event "World Blitz 2015"]
[Site "Berlin GER"]
[Date "2015.10.14"]
[Round "18.26"]
[White "Bogdanovich, Stanislav"]
[Black "Vallejo Pons, Francisco"]
[Result "1-0"]
[WhiteTitle "IM"]
[BlackTitle "GM"]
[WhiteElo "2590"]
[BlackElo "2684"]
[WhiteFideId "14115298"]
[BlackFideId "2205530"]
[EventDate "2015.10.13"]

1. d4 d5 2. c4 c6 3. Nf3 Nf6 4. e3 Bg4 5. h3 Bh5 6. Be2 e6 7. O-O Nbd7 8. b3 Ne4
9. Bb2 f5 10. Ne5 Bxe2 11. Qxe2 Nxe5 12. dxe5 Bc5 13. cxd5 exd5 14. Nd2 O-O 15.
Rac1 Qe7 16. Bd4 Ba3 17. Rc2 a5 18. Nxe4 fxe4 19. f4 exf3 20. gxf3 Qe6 21. Kh2
Rad8 22. f4 Qf5 23. Rg1 Rf7 24. Rg5 Qe4 25. Qg2 Be7 26. Qxe4 dxe4 27. e6 Rf6 28.
Bxf6 Bxf6 29. Rxa5 Kf8 30. Ra4 Ke7 31. Rxe4 h5 32. Rb4 Kxe6 33. Rxb7 Kf5 34. Rb4
Rd3 35. Re2 g5 36. fxg5 Bxg5 37. Rd4 Rc3 38. Rc4 Rd3 39. Rc5+ Kg6 40. Rg2 1-0

[Event "World Blitz 2015"]
[Site "Berlin GER"]
[Date "2015.10.14"]
[Round "18.27"]
[White "Postny, Evgeny"]
[Black "Matlakov, Maxim"]
[Result "0-1"]
[WhiteTitle "GM"]
[BlackTitle "GM"]
[WhiteElo "2658"]
[BlackElo "2689"]
[WhiteFideId "2804344"]
[BlackFideId "4168003"]
[EventDate "2015.10.13"]

1. d4 Nf6 2. c4 e6 3. Nf3 b6 4. g3 Bb7 5. Bg2 Be7 6. O-O O-O 7. Re1 d5 8. cxd5
exd5 9. Nc3 Nbd7 10. Bf4 c5 11. Rc1 Ne4 12. a3 Nxc3 13. Rxc3 c4 14. Nd2 b5 15.
e4 Nb6 16. Qg4 Bc8 17. Qh5 Be6 18. Be5 f6 19. exd5 Bf7 20. Qe2 fxe5 21. d6 Bxd6
22. dxe5 Bxe5 23. Qxe5 Re8 24. Qxe8+ Bxe8 25. Bxa8 Qxa8 26. Rce3 Bg6 27. Nf3 Nd5
28. Re5 Nf4 29. R1e3 Nd3 30. Rxb5 h6 31. Nh4 Qf8 32. Rf3 Qe8 33. Nxg6 Qxb5 34.
h4 Qh5 35. Ne7+ Kh7 36. Re3 Qd1+ 37. Kg2 Qd2 38. Rf3 Ne1+ 0-1

[Event "World Blitz 2015"]
[Site "Berlin GER"]
[Date "2015.10.14"]
[Round "18.28"]
[White "Bartel, Mateusz"]
[Black "Fressinet, Laurent"]
[Result "0-1"]
[WhiteTitle "GM"]
[BlackTitle "GM"]
[WhiteElo "2622"]
[BlackElo "2702"]
[WhiteFideId "1112635"]
[BlackFideId "608742"]
[EventDate "2015.10.13"]

1. e4 e5 2. Nf3 Nc6 3. Bb5 a6 4. Ba4 Nf6 5. O-O Be7 6. d3 d6 7. c3 O-O 8. h3 Re8
9. Be3 Bf8 10. Nbd2 h6 11. Re1 b5 12. Bb3 Na5 13. Bc2 c5 14. d4 Qc7 15. d5 Bd7
16. b3 Nb7 17. Bd3 g6 18. Bf1 Bg7 19. a4 Nh5 20. g3 bxa4 21. bxa4 Na5 22. Kh2
Reb8 23. Qc2 Rb6 24. Reb1 Rab8 25. Rxb6 Rxb6 26. Nc4 Nxc4 27. Bxc4 Qb7 28. a5
Rb2 29. Qd3 f5 30. Bxa6 Qb8 31. Bc4 fxe4 32. Qxe4 Bf5 33. Qh4 Bf6 34. a6 Bxh4
35. Nxh4 Bc2 36. a7 Qa8 37. Bxc5 Rb1 38. Rxb1 Bxb1 39. Be3 Be4 40. Be2 Ng7 41.
c4 Nf5 42. Nxf5 gxf5 43. f4 exf4 44. gxf4 Qb7 45. Kg3 Kh7 46. Kf2 Bc2 47. Ke1
Ba4 48. Kd2 Bd7 49. Kc3 Bc8 50. Bd3 Kg6 51. Bc2 Qa6 52. Kb4 Qb7+ 53. Ka5 Qc7+
54. Bb6 Qb7 55. Bd4 Qa8 56. Ba4 Bb7 57. Kb6 Qc8 58. Bc6 Ba8 59. c5 Qd8+ 60. Kb5
dxc5 61. Bxc5 Qc8 62. Kb6 Qd8+ 63. Kb5 Kf7 64. Bb6 Qc8 65. Kc5 Bxc6 66. dxc6 Ke6
67. Bc7 Qa6 68. Bb6 Qc8 69. Bc7 h5 70. Kb6 Kd5 71. Kb5 Qe8 72. Bb8 Qxc6+ 73. Kb4
Qb7+ 74. Ka5 Kc4 0-1

[Event "World Blitz 2015"]
[Site "Berlin GER"]
[Date "2015.10.14"]
[Round "18.29"]
[White "Rublevsky, Sergei"]
[Black "Safarli, Eltaj"]
[Result "0-1"]
[WhiteTitle "GM"]
[BlackTitle "GM"]
[WhiteElo "2702"]
[BlackElo "2657"]
[WhiteFideId "4115309"]
[BlackFideId "13402129"]
[EventDate "2015.10.13"]

1. e4 e5 2. Bc4 Nf6 3. d3 c6 4. Nf3 d5 5. Bb3 Bb4+ 6. Bd2 Bxd2+ 7. Nbxd2 Nbd7 8.
O-O O-O 9. Re1 Re8 10. d4 exd4 11. exd5 Rxe1+ 12. Qxe1 cxd5 13. Nxd4 Nc5 14.
N2f3 Nce4 15. h3 a5 16. a4 Be6 17. Rd1 Qb6 18. Qe3 Re8 19. Nf5 Qc7 20. N3d4 Bxf5
21. Nxf5 g6 22. Nd4 Nc5 23. Nb5 Qc6 24. Qc3 Nxb3 25. Qxb3 Qc5 26. Nd4 Re7 27.
Qb5 Qc7 28. c3 Kg7 29. g3 h5 30. h4 Re4 31. Kg2 Rg4 32. Nf3 Ne4 33. Qxd5 Rxg3+
34. Kf1 Rxf3 35. Qxe4 Rf4 36. Qd5 Rxh4 37. Rd4 Rxd4 38. Qxd4+ Kg8 39. Qd5 Qb6
40. b3 Kg7 41. Qe4 Qc5 42. Qxb7 Qxc3 43. Qe4 Qc1+ 44. Kg2 Qc3 45. Kh2 Kg8 46.
Qe8+ Kg7 47. Qe4 Kh7 48. Qd5 Qf6 49. Qxa5 Qxf2+ 50. Kh1 Qf3+ 51. Kh2 Qxb3 52.
Qb5 Qc2+ 53. Kh1 Qd1+ 54. Kg2 Qd2+ 55. Kg1 Qe3+ 56. Kg2 h4 57. Qd7 Qg3+ 58. Kh1
Qf3+ 59. Kh2 Qf4+ 60. Kh1 Kg7 61. Kg2 Qg3+ 62. Kh1 h3 63. Qd4+ Kh7 64. Qd5 Qf4
65. a5 Kg7 66. a6 Qf1+ 67. Kh2 Qxa6 68. Qd4+ Qf6 69. Qd7 Qf3 70. Qd4+ f6 71.
Qd7+ Kh6 72. Qd2+ g5 0-1

[Event "World Blitz 2015"]
[Site "Berlin GER"]
[Date "2015.10.14"]
[Round "18.30"]
[White "Al-Sayed, Mohammed"]
[Black "Nguyen, Ngoc Truong Son"]
[Result "0-1"]
[WhiteTitle "GM"]
[BlackTitle "GM"]
[WhiteElo "2520"]
[BlackElo "2634"]
[WhiteFideId "12100196"]
[BlackFideId "12401110"]
[EventDate "2015.10.13"]

1. d4 Nf6 2. c4 g6 3. Nc3 Bg7 4. e4 d6 5. Nf3 O-O 6. Be2 e5 7. O-O Nc6 8. d5 Ne7
9. b4 Nh5 10. g3 a5 11. bxa5 Rxa5 12. Nd2 Nf6 13. Nb3 Ra8 14. c5 dxc5 15. Nxc5
b6 16. Nd3 c6 17. Nb4 cxd5 18. exd5 Bb7 19. Bg5 Qd6 20. a3 Nexd5 21. Bxf6 Nxc3 0-1

[Event "World Blitz 2015"]
[Site "Berlin GER"]
[Date "2015.10.14"]
[Round "18.31"]
[White "Ponkratov, Pavel"]
[Black "Roiz, Michael"]
[Result "1-0"]
[WhiteTitle "GM"]
[BlackTitle "GM"]
[WhiteElo "2604"]
[BlackElo "2600"]
[WhiteFideId "4157800"]
[BlackFideId "2804158"]
[EventDate "2015.10.13"]

1. d4 Nf6 2. c4 e6 3. Nc3 d5 4. Nf3 Nbd7 5. cxd5 exd5 6. Qc2 c6 7. Bf4 Nh5 8.
Bd2 Be7 9. g4 Nhf6 10. g5 Nh5 11. e4 Nb6 12. Be2 g6 13. Ne5 Ng7 14. h4 dxe4 15.
Qxe4 Bf5 16. Qe3 Ne6 17. Nf3 Bd6 18. Ne4 Nd5 19. Nxd6+ Qxd6 20. Qb3 Nef4 21. Ne5
O-O 22. Bf3 Rae8 23. O-O Ne6 24. Be3 Nxd4 25. Bxd4 Rxe5 26. Bxe5 Qxe5 27. Bxd5
cxd5 28. Qg3 Qxb2 29. a4 d4 30. Qe5 Rd8 31. h5 Qd2 32. Qf6 Re8 33. h6 Kf8 34.
Qh8+ Ke7 35. Rfe1+ Be6 36. Qf6+ Kf8 37. Rad1 Qa5 38. Re5 Qc3 39. Rxd4 Qh3 40.
Re3 Qh5 41. a5 a6 42. Rd6 Qg4+ 43. Rg3 Qb4 44. Rd4 Qe1+ 45. Kg2 Bd5+ 46. Rxd5
Qe4+ 47. Qf3 1-0

[Event "World Blitz 2015"]
[Site "Berlin GER"]
[Date "2015.10.14"]
[Round "18.32"]
[White "Fridman, Daniel"]
[Black "Riazantsev, Alexander"]
[Result "0-1"]
[WhiteTitle "GM"]
[BlackTitle "GM"]
[WhiteElo "2649"]
[BlackElo "2646"]
[WhiteFideId "11600454"]
[BlackFideId "4125029"]
[EventDate "2015.10.13"]

1. d4 Nf6 2. c4 e6 3. Nc3 Bb4 4. Qc2 b6 5. e4 c5 6. a3 Bxc3+ 7. bxc3 Bb7 8. e5
Ng8 9. Nf3 Ne7 10. Bd3 h6 11. Be3 Qc7 12. Nd2 cxd4 13. cxd4 d6 14. exd6 Qxd6 15.
O-O O-O 16. a4 Nbc6 17. Qc3 Rfd8 18. Nb3 Rac8 19. Rfd1 Qb8 20. Qe1 a5 21. Bf1
Nb4 22. Qd2 Nf5 23. Bf4 Qa8 24. f3 Nh4 25. Bg3 Nf5 26. Bf2 Rd7 27. Qb2 Ba6 28.
Rac1 Rdc7 29. c5 Bxf1 30. Kxf1 Nd5 31. Qd2 Qa6+ 32. Kg1 Nfe7 33. Bg3 Rc6 34.
cxb6 Qxb6 35. Nc5 Nf5 36. Bf2 Qd8 37. Rb1 Ra8 38. Rb5 Nde7 39. Nb7 Qd7 40. Nxa5
Rca6 41. Nb3 Rxa4 42. Rb4 Ra2 43. Qe1 Nd5 44. Nc5 Qd8 45. Rb3 Qg5 46. Ne4 Qg6
47. Rdb1 Nf4 48. Ng3 Nh4 49. Qe4 Nfxg2 50. Rb8+ Rxb8 51. Rxb8+ Kh7 52. Rb1 Nf4
53. Qxg6+ Kxg6 54. Rb3 Nh3+ 0-1

[Event "World Blitz 2015"]
[Site "Berlin GER"]
[Date "2015.10.14"]
[Round "18.33"]
[White "Anton Guijarro, David"]
[Black "Khairullin, Ildar"]
[Result "0-1"]
[WhiteTitle "GM"]
[BlackTitle "GM"]
[WhiteElo "2634"]
[BlackElo "2652"]
[WhiteFideId "2285525"]
[BlackFideId "4151348"]
[EventDate "2015.10.13"]

1. e4 c6 2. Nc3 d5 3. Nf3 Bg4 4. d4 e6 5. h3 Bxf3 6. Qxf3 dxe4 7. Qxe4 Nf6 8.
Qd3 Na6 9. a3 Be7 10. g3 O-O 11. Bg2 Qb6 12. O-O Rad8 13. Be3 Nc7 14. Na4 Qa5
15. Qb3 Ncd5 16. Bc1 b5 17. Nc3 Nxc3 18. bxc3 Nd5 19. Bd2 c5 20. a4 b4 21. c4
Nb6 22. d5 Qa6 23. dxe6 Rxd2 24. Qe3 Nxc4 25. exf7+ Rxf7 26. Qe4 Rd4 27. Qe2 Qd6
28. Rae1 Bf6 29. Qh5 g6 30. Qh6 Bg7 31. Qg5 Rf8 32. Re2 h6 33. Qc1 Rd2 34. Rfe1
Rxe2 35. Rxe2 Qd4 36. Kh2 Kh7 37. Qe1 Rf7 38. Re4 Qd2 39. Qg1 Nd6 40. Re6 Rxf2 0-1

[Event "World Blitz 2015"]
[Site "Berlin GER"]
[Date "2015.10.14"]
[Round "18.34"]
[White "Borisek, Jure"]
[Black "Bocharov, Dmitry"]
[Result "1-0"]
[WhiteTitle "GM"]
[BlackTitle "GM"]
[WhiteElo "2565"]
[BlackElo "2560"]
[WhiteFideId "14603152"]
[BlackFideId "4138716"]
[EventDate "2015.10.13"]

1. e4 c5 2. Nf3 d6 3. d4 cxd4 4. Nxd4 Nf6 5. Nc3 a6 6. Be3 e5 7. Nb3 Be7 8. f3
Be6 9. Qd2 h5 10. Nd5 Nxd5 11. exd5 Bf5 12. c4 Nd7 13. Na5 Qc8 14. b4 e4 15. f4
Nf6 16. Be2 h4 17. h3 Nh5 18. Bxh5 Rxh5 19. Rc1 Qd7 20. c5 dxc5 21. bxc5 Bd8 22.
Nc4 Kf8 23. O-O Kg8 24. Ne5 Qe8 25. Rb1 f6 26. Nc4 Bd7 27. Rxb7 Bb5 28. Nd6 Qg6
29. Nxb5 axb5 30. c6 Rc8 31. Rxb5 Be7 32. Rb7 Bd6 33. Rd7 Bb8 34. d6 Qf5 35. Rb7
Bxd6 36. Qxd6 1-0

[Event "World Blitz 2015"]
[Site "Berlin GER"]
[Date "2015.10.14"]
[Round "18.35"]
[White "Savchenko, Boris"]
[Black "Perunovic, Milos"]
[Result "1-0"]
[WhiteTitle "GM"]
[BlackTitle "GM"]
[WhiteElo "2567"]
[BlackElo "2622"]
[WhiteFideId "4147332"]
[BlackFideId "921629"]
[EventDate "2015.10.13"]

1. e4 c5 2. g3 Nc6 3. Bg2 g6 4. f4 Bg7 5. Nf3 e6 6. d3 Nge7 7. c3 O-O 8. Qe2 b6
9. Na3 Ba6 10. O-O d6 11. Nc2 Qd7 12. Rd1 Rae8 13. Rb1 f5 14. c4 e5 15. fxe5
dxe5 16. b4 Nd4 17. Nfxd4 exd4 18. bxc5 bxc5 19. Ba3 Qc7 20. Qd2 fxe4 21. Bxe4
Nf5 22. Rf1 Bc8 23. Qf4 Be5 24. Qg5 Kg7 25. Rb5 h6 26. Qd2 Bd6 27. Qa5 Qxa5 28.
Rxa5 Ne3 29. Rxa7+ Kh8 30. Rxf8+ Rxf8 31. Nxe3 dxe3 32. Bb2+ 1-0

[Event "World Blitz 2015"]
[Site "Berlin GER"]
[Date "2015.10.14"]
[Round "18.36"]
[White "Munoz Pantoja, Miguel"]
[Black "Zvjaginsev, Vadim"]
[Result "1-0"]
[WhiteTitle "GM"]
[BlackTitle "GM"]
[WhiteElo "2441"]
[BlackElo "2660"]
[WhiteFideId "3800229"]
[BlackFideId "4113403"]
[EventDate "2015.10.13"]

1. e4 c5 2. g3 g6 3. Bg2 Bg7 4. Ne2 Nc6 5. c3 e5 6. d3 Nge7 7. Be3 b6 8. d4 exd4
9. cxd4 Ba6 10. Nbc3 cxd4 11. Nxd4 O-O 12. Qa4 Qc8 13. O-O-O b5 14. Qc2 b4 15.
Na4 b3 16. Nxb3 Nb4 17. Qxc8 Raxc8+ 18. Kb1 Bd3+ 19. Rxd3 Nxd3 20. Rd1 Ne5 21.
Bf1 d6 22. Be2 Rc7 23. Nc3 Nc4 24. Bd4 Bxd4 25. Rxd4 Nb6 26. Rxd6 Rd7 27. Rxd7
Nxd7 28. Nb5 Nc6 29. N3d4 Nxd4 30. Nxd4 Rc8 31. f3 Kg7 32. Nb5 a5 33. Nd6 Rc6
34. Ne8+ Kf8 35. Bb5 Rc5 36. Bxd7 Ke7 37. Ba4 Rc4 38. b3 Rc3 39. f4 Re3 40. e5
Re1+ 41. Kb2 Re2+ 42. Ka3 Rxh2 43. Nd6 Rg2 44. Ne4 Re2 45. Bc6 h5 46. Bd5 Kf8
47. b4 Re3+ 48. Ka4 Rd3 49. Bc6 axb4 50. Kxb4 Ke7 51. a4 1-0

[Event "World Blitz 2015"]
[Site "Berlin GER"]
[Date "2015.10.14"]
[Round "18.37"]
[White "Movsesian, Sergei"]
[Black "Kryvoruchko, Yuriy"]
[Result "1-0"]
[WhiteTitle "GM"]
[BlackTitle "GM"]
[WhiteElo "2658"]
[BlackElo "2710"]
[WhiteFideId "310204"]
[BlackFideId "14109182"]
[EventDate "2015.10.13"]

1. g3 e5 2. c4 Nf6 3. Bg2 c6 4. d4 exd4 5. Qxd4 d5 6. Nf3 Be6 7. cxd5 cxd5 8.
O-O Nc6 9. Qa4 Bc5 10. Nbd2 O-O 11. Nb3 Bb6 12. Bf4 Ne4 13. Rad1 Qe7 14. Nbd4
Bd7 15. Qc2 Rac8 16. Qb1 Rfe8 17. Be3 Na5 18. a3 Nc4 19. Bc1 h6 20. Qd3 Bg4 21.
h3 Bd7 22. a4 Ncd6 23. Qb3 Rc4 24. Qd3 Bxa4 25. b3 Rc3 26. Qb1 Bd7 27. Bb2 Rcc8
28. Qa1 f6 29. e3 a6 30. Kh2 Nb5 31. Ne2 Rc2 32. Nf4 Bc6 33. Nd3 Bc7 34. Rc1
Rxc1 35. Qxc1 Qd6 36. Nf4 Qd7 37. Qc2 Bb6 38. Rd1 Qf7 39. Nd4 Nxd4 40. Bxd4 Bxd4
41. Rxd4 g5 42. Nd3 Qe7 43. Nb4 Qe6 44. Rd1 a5 45. Nd3 Qd6 46. Qb2 Kg7 47. Ne1
a4 48. bxa4 Bxa4 49. Rd4 Bc6 50. Nf3 Qc7 51. Rd1 Ra8 52. Nd4 Qe5 53. Rc1 Ra6 54.
Rc2 h5 55. Kg1 h4 56. gxh4 gxh4 57. Qc1 Be8 58. Rc7+ Bf7 59. Rxb7 Nxf2 60. Kxf2
Qg3+ 61. Kg1 Ra2 62. Nf5+ 1-0

[Event "World Blitz 2015"]
[Site "Berlin GER"]
[Date "2015.10.14"]
[Round "18.38"]
[White "Ragger, Markus"]
[Black "Inarkiev, Ernesto"]
[Result "1-0"]
[WhiteTitle "GM"]
[BlackTitle "GM"]
[WhiteElo "2698"]
[BlackElo "2660"]
[WhiteFideId "1610856"]
[BlackFideId "4162722"]
[EventDate "2015.10.13"]

1. d4 d5 2. c4 c6 3. Nf3 Nf6 4. Nc3 e6 5. g3 Nbd7 6. Bg2 Be7 7. O-O O-O 8. b3 b6
9. Qd3 a5 10. e4 Ba6 11. Re1 Rc8 12. Bf4 c5 13. exd5 exd5 14. Qf5 g6 15. Qh3
cxd4 16. Nxd4 Bb4 17. Rac1 dxc4 18. Nc6 Rxc6 19. Bxc6 Qc8 20. Qg2 Nc5 21. Bd6
Nd3 22. Bxf8 Qxf8 23. Red1 Nxc1 24. Rxc1 cxb3 25. axb3 Qc5 26. Na2 Qd4 27. Nxb4
Qxb4 28. Qf3 Kg7 29. Kg2 Bc8 30. h3 Be6 31. Rc3 b5 32. Re3 a4 33. bxa4 Qxa4 34.
g4 Qc4 35. Rc3 Qb4 36. Rc1 Qb2 37. Qc3 Qxc3 38. Rxc3 b4 39. Rc5 b3 40. Rb5 h6
41. f4 h5 42. f5 gxf5 43. gxf5 Bc8 44. Kg3 Kh6 45. Kf4 h4 46. Rxb3 Nh5+ 47. Ke5
Kg5 48. Rb8 f6+ 49. Kd6 Bxf5 50. Bf3 Ng3 51. Bg4 Bxg4 52. Rg8+ Kh5 53. Rxg4 f5
54. Ra4 Kg5 55. Ke5 Ne4 56. Ra7 Nf2 57. Rg7+ Kh6 58. Rg2 Nxh3 59. Kxf5 Kh5 60.
Rg8 Kh6 61. Rg6+ Kh5 62. Rg2 Kh6 63. Rh2 Ng1 64. Rxh4+ 1-0

[Event "World Blitz 2015"]
[Site "Berlin GER"]
[Date "2015.10.14"]
[Round "18.39"]
[White "Bacrot, Etienne"]
[Black "Moiseenko, Alexander"]
[Result "0-1"]
[WhiteTitle "GM"]
[BlackTitle "GM"]
[WhiteElo "2697"]
[BlackElo "2692"]
[WhiteFideId "605506"]
[BlackFideId "14102560"]
[EventDate "2015.10.13"]

1. e4 c5 2. Nf3 Nc6 3. Bb5 d6 4. O-O Bd7 5. Re1 Nf6 6. c3 a6 7. Bf1 Bg4 8. d4
cxd4 9. cxd4 e5 10. d5 Nd4 11. Be3 Nxf3+ 12. gxf3 Bd7 13. a4 Be7 14. Na3 O-O 15.
Nc4 Nh5 16. Bb6 Qe8 17. Kh1 f5 18. exf5 Bxf5 19. Be3 Qg6 20. Rc1 Rae8 21. Qb3 e4
22. Be2 exf3 23. Rg1 Qf7 24. Bxf3 Bc2 25. Qxc2 Qxf3+ 26. Rg2 Qxd5 27. Rd1 Qc6
28. Qb3 Kh8 29. Nb6 Qf3 30. Nc4 Nf4 31. Rg1 Nxg2 32. Rxg2 Rc8 33. Qd3 b5 34.
axb5 axb5 35. Nd2 Rc1+ 36. Nf1 Qd1 37. Qxd1 Rxd1 38. Kg1 Ra8 39. Rg4 Raa1 40.
Re4 Rxf1+ 41. Kg2 Bf8 42. Re8 Kg8 43. Bf4 Rg1+ 44. Kf3 Rg6 0-1